| 000 | 00357nam a22001217a 4500 | ||
|---|---|---|---|
| 008 | 160810b xxu||||| |||| 00| 0 eng d | ||
| 020 | _a1408121801 | ||
| 100 | _aStradling, Linda | ||
| 245 |
_aProduction Management for TV and Film : _bThe professional's guide/ _cLinda stradling |
||
| 260 |
_aLondon _bmethuen _c2010 |
||
| 300 | _aiv, 178p. | ||
| 942 |
_2lcc _cBK |
||
| 999 |
_c16046 _d16046 |
||